000 01172nam a2200337Ia 4500
003 OSt
005 20221007122716.0
006 a|||||r|||| 00| 0
007 ta
008 221006b |||||||| |||| 00| 0 eng d
020 _a9783642031625 (hbk)
024 _a158436
037 _b579, 24/10/2011, Aviva Books Company
_cTextual
040 _aPAPL
_cPAPL
_beng
041 _2eng
_aeng
082 _aB2817M0bCN2, Q0 Carpa
100 _aBinder Kurt
_9714967
245 0 _aMonte carlo simulation in statistical physics: An introduction
_b Heermann Dieter, W
250 _a5th
260 _aGermany
_bSpringer
_c2010
300 _axiv;200p.
_ccm.
500 _aAppendix 175-179p; Include bibliographical references 181-192p; Index 197-200p
650 _a Monte carlo methodology
_9714968
650 _a Monte carlo methods
_9714969
650 _a Sampling
_9247634
650 _a Statistical physics
_9713592
650 _aPhysics
700 _a Heermann Dieter, W
_9714970
942 _hB2817M0bCN2, Q0 Carpa
_cTEXL
_2CC
999 _c1210804
_d1210804